Die Italiänische national-literatur (Record no. 167968)

MARC details
000 -LEADER
campo de control de longitud fija 00974nam a2200229 i 4500
001 - NÚMERO DE CONTROL
campo de control 167968
003 - IDENTIFICADOR DE NÚMERO DE CONTROL
campo de control ES-MaACL
005 - FECHA Y HORA DE LA ÚLTIMA TRANSACCIÓN
campo de control 20260310170605.0
008 - DATOS DE LONGITUD FIJA--INFORMACIÓN GENERAL
campo de control de longitud fija 051003s1860 gw |||| | ger d
100 1# - ENTRADA PRINCIPAL--NOMBRE DE PERSONA
Nombre de persona Wolff, Adolf.
9 (RLIN) 133955
245 14 - MENCIÓN DEL TÍTULO
Título Die Italiänische national-literatur
Resto del título : in ihrer geschichtlichen entwickelung vom 13ten bis zum 19ten jahrhundert : nebst den lebens und charakterbildern ihrer classischen schriftsteller ... /
Mención de responsabilidad, etc. herausgegeben von Adolf Wolff.
260 ## - PUBLICACIÓN, DISTRIBUCIÓN, ETC.
Lugar de publicación, distribución, etc. Berlin :
Nombre del editor, distribuidor, etc. Gustav Hempel,
Fecha de publicación, distribución, etc. 1860.
300 ## - DESCRIPCIÓN FÍSICA
Extensión 620 p. :
Otras características físicas il. ;
Dimensiones 27 cm.
490 1# - MENCIÓN DE SERIE
Mención de serie Die classiker aller beiten und nationen ;
Designación de volumen o secuencia 1
594 ## - Nota al título y mención de responsabilidad
Nota al título y mención de responsabilidad Texto en letra gótica.
650 #4 - PUNTO DE ACCESO ADICIONAL DE MATERIA--TÉRMINO DE MATERIA
Término de materia o nombre geográfico como elemento de entrada Literatura italiana-
Subdivisión general Historia y crítica.
9 (RLIN) 14631
700 1# - ENTRADA AGREGADA--NOMBRE PERSONAL
Nombre de persona Hempel, Gustav.
9 (RLIN) 127846
752 ## - ENTRADA AGREGADA--NOMBRE JERÁRQUICO DEL LUGAR
País o entidad superior Alemania -
Ciudad Berlín
830 0# - PUNTO DE ACCESO ADICIONAL DE SERIE-TÍTULO UNIFORME
Título uniforme Die Classiker aller Zeiten und Nationen
Designación de volumen o secuencia 1
9 (RLIN) 188776
852 ## - LOCALIZACIÓN
Ubicación ES-MaACL
Número de control de estantería G-1191
Nota libre - Enc. hol.
-- . - Ex-libris de C. Ruedl
Holdings
Estatus retirado Estado de pérdida Estado de daño No para préstamo Colección Biblioteca de origen Biblioteca actual Ubicación en estantería Fecha de adquisición Fuente de adquisición Total de préstamos Signatura topográfica completa Código de barras Visto por última vez Precio de reemplazo Tipo de ítem Koha
        Libros del s. XIX Biblioteca del Ateneo de Madrid Biblioteca del Ateneo de Madrid Depósito 2 17/01/2008     G-1191 1176217 23/02/2023 23/02/2023 Libro impreso antiguo